Supercharged supply chains : (Record no. 3318)
[ view plain ]
| 000 -LEADER | |
|---|---|
| fixed length control field | 01500cam a22002058i 4500 |
| 008 - FIXED-LENGTH DATA ELEMENTS--GENERAL INFORMATION | |
| fixed length control field | 201201s2021 nju 001 0 eng c |
| 020 ## - INTERNATIONAL STANDARD BOOK NUMBER | |
| ISBN | 9781119782414 |
| 100 1# - MAIN ENTRY--AUTHOR | |
| Author | Correll, James G., |
| 245 10 - TITLE STATEMENT | |
| Title | Supercharged supply chains : |
| Remainder of title | discover unparalleled business planning and execution practices / |
| Statement of responsibility, etc | James G. Correll, Lloyd Snowden, Jim Bentzley. |
| 260 ## - PUBLICATION, DISTRIBUTION, ETC. (IMPRINT) | |
| Place of publication | New Jersey |
| Name of publisher | WILEY |
| Date of publication | 2021 |
| 300 ## - COLLATION | |
| Pagination | xvii, 437pages: 22cm |
| Other physical details | illustration; |
| 500 ## - GENERAL NOTE | |
| General note | Includes index. |
| 520 ## - SUMMARY, ETC. | |
| Summary, etc | "Supercharged Supply Chains is based on one of Oliver Wight's most popular classes that focused on Class A processes and the people/behaviors that are required to operate MRP effectively. The operating principles in the book are supported by war stories that point out why typical approaches don't work and why Oliver Wight processes succeed. After 25 years of teaching their most popular class, it is the war stories that help clients remember the principles. This book will help companies keep on track to successfully operate Business Excellence Planning. Business Excellence Planning is featured in every chapter, and it replaces MRPII as the new model supporting the 7th Edition Standard and the Milestone Workbooks. The book will also serve as a marketing tool for Oliver Wight and provide a much-needed resource for public and private classes."-- |
| 650 #0 - TRACINGS | |
| Main Subject | Business logistics. |
| 700 1# - ADDITIONAL AUTHOR | |
| Additional Author | Snowden, Lloyd, |
| 700 1# - ADDITIONAL AUTHOR | |
| Additional Author | Bentzley, Jim, |
| 942 ## - ADDED ENTRY ELEMENTS (KOHA) | |
| Item type | Books |
| 050 00 - LIBRARY OF CONGRESS CALL NUMBER | |
| Classification number | HD38.5 |
| Item number | .C67 2021 |
| 082 00 - DEWEY DECIMAL CLASSIFICATION NUMBER | |
| Classification number | 658/.7 |
| Source of classification or shelving scheme | Not for loan | Permanent location | Current location | Date acquired | Accession No. | Full call number | Barcode. | Koha item type |
|---|---|---|---|---|---|---|---|---|
| Library of Congress Classification | Samuel Ogbemudia Main Library, University of Abuja | Samuel Ogbemudia Main Library, University of Abuja | 05/06/2025 | 2024/64164 | HD38.5.C67 | 2025-1774 | Books |